DAI語で市町村(四国) - Statistics

General Stats
  • This quiz has been taken 28 times
  • The average score is 69 of 95
Answer Stats
都道府県名 DAI語 答え % Correct
愛媛県 AINn 愛南町
92%
徳島県 AIZM 藍住町
92%
香川県 AYGW 綾川町
92%
徳島県 ANn 阿南市
88%
徳島県 AW 阿波市
88%
愛媛県 IMBR 今治市
88%
愛媛県 MTYM 松山市
88%
香川県 KnOnZ 観音寺市
83%
高知県 KRSO 黒潮町
83%
高知県 KTGW 北川村
83%
香川県 KTHR 琴平町
83%
香川県 MTY 三豊市
83%
徳島県 MYS 三好市
83%
愛媛県 NIHM 新居浜市
83%
愛媛県 SIY 西予市
83%
愛媛県 SIZyU 西条市
83%
香川県 SKID 坂出市
83%
高知県 AK 安芸市
79%
高知県 GISI 芸西村
79%
高知県 HDK 日高村
79%
香川県 HGSKGW 東かがわ市
79%
愛媛県 KMZM 上島町
79%
高知県 KUNn 香南市
79%
香川県 MRGM 丸亀市
79%
愛媛県 MSK 松前町
79%
愛媛県 MTN 松野町
79%
高知県 NHR 奈半利町
79%
愛媛県 SKKTyUOU 四国中央市
79%
高知県 SMnT 四万十町
79%
高知県 IN いの町
75%
愛媛県 KHK 鬼北町
75%
徳島県 KTZM 北島町
75%
徳島県 MM 美馬市
75%
高知県 MTYM 本山町
75%
香川県 NOSM 直島町
75%
高知県 SMnT 四万十市
75%
徳島県 SNGUT 佐那河内村
75%
香川県 SNK さぬき市
75%
高知県 TS 土佐町
75%
高知県 TSSMZ 土佐清水市
75%
愛媛県 TUOn 東温市
75%
愛媛県 IKT 伊方町
71%
徳島県 ISI 石井町
71%
徳島県 KIYU 海陽町
71%
高知県 KM 香美市
71%
徳島県 KMIT 上板町
71%
愛媛県 KMKUGn 久万高原町
71%
徳島県 KMTSM 小松島市
71%
徳島県 KMYM 神山町
71%
徳島県 KTUR 勝浦町
71%
徳島県 MTSG 松茂町
71%
高知県 NKTS 中土佐町
71%
徳島県 NRT 鳴門市
71%
高知県 NYDGW 仁淀川町
71%
高知県 OT 越知町
71%
高知県 SSK 須崎市
71%
香川県 SyUDSM 小豆島町
71%
愛媛県 TB 砥部町
71%
香川県 TDT 多度津町
71%
香川県 TKMT 高松市
71%
高知県 UMZ 馬路村
71%
香川県 UTD 宇多津町
71%
香川県 ZnTUZ 善通寺市
71%
徳島県 HGSMYS 東みよし町
67%
高知県 KUT 高知市
67%
徳島県 MG 牟岐町
67%
高知県 MHR 三原村
67%
香川県 MK 三木町
67%
香川県 MnNU まんのう町
67%
高知県 MRT 室戸市
67%
徳島県 NK 那賀町
67%
高知県 OOKW 大川村
67%
高知県 OOTK 大月町
67%
愛媛県 OOZ 大洲市
67%
高知県 SKM 宿毛市
67%
高知県 SKW 佐川町
67%
徳島県 TKSM 徳島市
67%
高知県 TN 田野町
67%
高知県 TN 津野町
67%
徳島県 TRG つるぎ町
67%
高知県 TS 土佐市
67%
高知県 TUYU 東洋町
67%
徳島県 YSNGW 吉野川市
67%
徳島県 ITN 板野町
63%
愛媛県 IY 伊予市
63%
徳島県 MNM 美波町
63%
高知県 OOTY 大豊町
63%
香川県 TNSyU 土庄町
63%
愛媛県 UTK 内子町
63%
高知県 YSHR 檮原町
63%
愛媛県 YWTHM 八幡浜市
63%
高知県 NnKK 南国市
58%
愛媛県 UWZM 宇和島市
58%
高知県 YSD 安田町
58%
徳島県 KMKT 上勝町
54%
No matching quizzes found
Score Distribution
Percent of People with Each Score
Percentile by Number Answered
Your Score History
You have not taken this quiz